Eisenhower, អេសេនហៅវឺរ៍ (Record no. 25678)
[ view plain ]
| 000 -LEADER | |
|---|---|
| fixed length control field | 00343nam a22001217a 4500 |
| 040 ## - CATALOGING SOURCE | |
| Transcribing agency | RUA |
| 082 ## - DEWEY DECIMAL CLASSIFICATION NUMBER | |
| Classification number | A285 ឌុំ 2019 C160 Or.1 |
| 100 ## - MAIN ENTRY--AUTHOR NAME | |
| Personal name | ឌុំ ដាវុយ, |
| 245 ## - TITLE STATEMENT | |
| Title | Eisenhower, អេសេនហៅវឺរ៍ |
| 260 ## - PUBLICATION, DISTRIBUTION, ETC. (IMPRINT) | |
| Place of publication | PHNOM PENH |
| Name of publisher | RUA |
| Year of publication | 2019 |
| 300 ## - PHYSICAL DESCRIPTION | |
| Number of Pages | 207p. |
| Other physical details | ill. |
| Dimensions | 29cm. |
| 942 ## - ADDED ENTRY ELEMENTS (KOHA) | |
| Koha item type | អភិវឌ្ឍន៍សម្ថភាព |
| 952 ## - LOCATION AND ITEM INFORMATION (KOHA) | |
| Withdrawn status [LOCAL, KOHA] | 0 |
| Permanent Location | Date acquired | Koha item type | Lost status | Shelving location | Barcode | Current Location | Full call number |
|---|---|---|---|---|---|---|---|
| Library Block C | 2026-04-07 | អភិវឌ្ឍន៍សម្ថភាព | C160 | B712030 | Library Block C | A285 ឌុំ 2019 C160 Or.1 |